00717nam a2200205 i 4500001000700000003000900007005001700016007000300033008004100036080001800077100002700095245008800122250001500210260004000225300003500265700003800300852003200338999001900370952012200389129616ES-MaACL20230906193534.0t|070627s1966 sp ||||1| spa d a616-056.3(02)1 aThiers, Henri.910995710aManual de alergología / cpor Henri Thiers ; versión de J. García San Miguel. a[1ª ed.]. aBarcelona : bToray Masson, c1966. aXII, 479 p. : bil. ; c25 cm.1 aGarcía San Miguel, Juan.955253 aES-MaACLjC-30825 bR.70172 c129616d129616 00104070aATENEOMbATENEOMcDEPO2d2008-01-17eSCl0oC-30825p1134970r2023-02-23 00:00:00w2023-02-23yMONOGRAFIA